| 000 | 00909nam a2200337 a 4500 | ||
|---|---|---|---|
| 003 | AR-BaBNM | ||
| 005 | 20251128205242.0 | ||
| 008 | 082120s2002 ||||||||||||||000 | spa|| | ||
| 020 | _a987-95225-0-8 | ||
| 040 | _cAR-BaBNM | ||
| 100 | 1 | _aRojo, Roberto | |
| 245 | 0 | 0 | _aHéroes y cobardes en el ocaso federal |
| 250 | _a1ª ed. | ||
| 260 |
_aBuenos Aires _bComfer _c1994 |
||
| 300 |
_a222 p. _bmapas |
||
| 500 | _aContiene anexo p. 217-219 | ||
| 600 | 1 | 4 | _aLagos, Hilario |
| 600 | 1 | 4 | _aVarela, Felipe |
| 600 | 1 | 4 | _aBlanco, Severo |
| 600 | 1 | 4 | _aDavila, Césareo |
| 650 | 4 | _aORGANIZACION NACIONAL | |
| 650 | 4 | _aHISTORIA PROVINCIAL ARGENTINA | |
| 650 | 4 | _aHISTORIA POLITICA ARGENTINA | |
| 650 | 4 | _aGUERRA DEL PARAGUAY | |
| 650 | 4 | _aHISTORIA DE LAS RELIGIONES | |
| 650 | 4 | _aHISTORIA SOCIAL | |
| 650 | 4 | _aMONTONERAS | |
| 650 | 4 | _aCAUDILLOS ARGENTINOS | |
| 942 | _cBK | ||
| 998 | _cmariana | ||
| 999 |
_c10602 _d10602 |
||